000 00324nam a2200145Ia 4500
005 20251222143154.0
008 251222s9999||||xx |||||||||||||| ||spa||
020 _a84-339-2463-X
082 _a869.26/P55
100 _aPiglia, Ricardo
245 0 _aFormas Breves
250 _a2a.ed.
264 _bAnagrana
942 _cLIB
999 _c12786
_d12786